[Event "Moscow Govrnor Cup-A rapid"]
[Site "Moscow"]
[Date "2013.02.20"]
[Round "10"]
[White "Isaly, Sultan"]
[Black "Karmanova, Marina"]
[Result "1/2-1/2"]
[WhiteElo "2098"]
[BlackElo "2059"]
[PlyCount "51"]
[EventDate "2013.02.19"]
[EventType "swiss (rapid)"]
[EventRounds "11"]
[EventCountry "RUS"]
[SourceTitle "CBM 153 Extra"]
[Source "ChessBase"]
[SourceDate "2013.04.22"]
[SourceVersion "1"]
[SourceVersionDate "2013.04.22"]
[SourceQuality "1"]

1. e4 g6 2. d4 Bg7 3. Nc3 d5 4. exd5 Nf6 5. Nf3 0-0 6. Be2 Nxd5 7. Nxd5 Qxd5 8. c4 Qd8 9. 0-0 Bf5 10. Bd3 Bxd3 11. Qxd3 c5 12. d5 Nd7 13. Be3 Qc7 14. Qb3 Qb6 15. Qc2 Qc7 16. Bd2 Ne5 17. Nxe5 Bxe5 18. h3 Rfe8 19. Bc3 e6 20. Bxe5 Qxe5 21. Rfe1 Qd6 22. Qa4 Re7 23. dxe6 Rxe6 24. Rad1 Rxe1+ 25. Rxe1 b6 26. Re8+ 1/2-1/2

[Event "Moscow Govrnor Cup-A rapid"]
[Site "Moscow"]
[Date "2013.02.20"]
[Round "9"]
[White "Mirzoeva, Elmira"]
[Black "Isaly, Sultan"]
[Result "1-0"]
[WhiteElo "2282"]
[BlackElo "2098"]
[PlyCount "91"]
[EventDate "2013.02.19"]
[EventType "swiss (rapid)"]
[EventRounds "11"]
[EventCountry "RUS"]
[SourceTitle "CBM 153 Extra"]
[Source "ChessBase"]
[SourceDate "2013.04.22"]
[SourceVersion "1"]
[SourceVersionDate "2013.04.22"]
[SourceQuality "1"]

1. d4 Nf6 2. c4 g6 3. Nc3 Bg7 4. e4 d6 5. Nf3 0-0 6. Be2 e5 7. Be3 exd4 8. Nxd4 Re8 9. f3 c6 10. Bf2 d5 11. exd5 cxd5 12. 0-0 Nc6 13. c5 Nh5 14. Qd2 Be5 15. g3 Ng7 16. Bb5 Bd7 17. Nde2 Be6 18. Rad1 Qa5 19. Nd4 Nxd4 20. Bxd4 Bxd4+ 21. Qxd4 Nf5 22. Qf2 Red8 23. g4 Ne7 24. Qd4 a6 25. Ba4 Rac8 26. b4 Qc7 27. Ne2 a5 28. a3 axb4 29. axb4 Ra8 30. Bb5 Nc6 31. Bxc6 bxc6 32. Ra1 Re8 33. Nf4 Qb7 34. h4 h6 35. h5 g5 36. Nd3 Rxa1 37. Rxa1 Bc8 38. Qf6 Re6 39. Qd8+ Kg7 40. f4 Qb5 41. Rd1 Re3 42. fxg5 Rxd3 43. Qf6+ Kh7 44. Qxf7+ Kh8 45. Qf6+ Kg8 46. Qg6+ 1-0

[Event "Pushchino op"]
[Site "Pushchino"]
[Date "2012.02.25"]
[Round "3"]
[White "Shutov, Vladimir"]
[Black "Isaly, Sultan"]
[Result "0-1"]
[WhiteElo "1768"]
[BlackElo "2135"]
[PlyCount "68"]
[EventDate "2012.02.24"]
[EventType "swiss"]
[EventRounds "7"]
[EventCountry "RUS"]
[SourceTitle "EXT 2014"]
[Source "ChessBase"]
[SourceDate "2013.11.20"]
[SourceVersion "1"]
[SourceVersionDate "2013.11.20"]
[SourceQuality "1"]

1. Nf3 Nf6 2. b4 c6 3. a4 Qb6 4. Ba3 a5 5. bxa5 Rxa5 6. Nc3 d6 7. Rb1 Qc7 8. Bb4 Ra8 9. e3 e5 10. Be2 Be7 11. 0-0 Na6 12. Ba3 e4 13. Ne1 d5 14. Bxe7 Qxe7 15. f4 0-0 16. Bxa6 Rxa6 17. h3 c5 18. Ra1 d4 19. Nb5 Rd8 20. Qe2 h6 21. g4 Bd7 22. exd4 Bxb5 23. Qxb5 cxd4 24. Rb1 Rd7 25. Ng2 Rc6 26. Rb2 e3 27. dxe3 dxe3 28. Qe2 Rd2 29. Qxe3 Rxg2+ 30. Kxg2 Qxe3 31. Rf2 Qe4+ 32. Rf3 Qd4 33. Rfb3 Qd2+ 34. Kg3 Rc3+ 0-1

[Event "Kostroma Volga Cup op"]
[Site "Kostroma"]
[Date "2010.07.??"]
[Round "4"]
[White "Isaly, Sultan"]
[Black "Kolmakov, Pavel"]
[Result "0-1"]
[WhiteElo "2029"]
[BlackElo "2213"]
[PlyCount "74"]
[EventDate "2010.07.??"]
[EventType "swiss"]
[EventRounds "9"]
[EventCountry "RUS"]
[SourceTitle "EXT 2011"]
[Source "ChessBase"]
[SourceDate "2010.11.26"]
[SourceVersion "1"]
[SourceVersionDate "2010.11.26"]
[SourceQuality "1"]

1. e4 c5 2. Nf3 d6 3. d4 cxd4 4. Nxd4 Nf6 5. Nc3 a6 6. Bc4 e6 7. Bb3 b5 8. 0-0 b4 9. Na4 Bd7 10. c3 a5 11. Qf3 Nc6 12. Nb5 Be7 13. Rd1 Qb8 14. c4 0-0 15. Qe2 Na7 16. Nxa7 Rxa7 17. Be3 Rb7 18. e5 dxe5 19. Nc5 Bc6 20. Nxb7 Qxb7 21. f3 e4 22. fxe4 Nxe4 23. Bc2 f5 24. Bxe4 Bxe4 25. Bf4 Rf6 26. Rf1 Rg6 27. Rf2 Bc5 28. Be3 Bxe3 29. Qxe3 Bxg2 30. h4 Be4+ 31. Kf1 Qc7 32. Rc1 Rg3 33. Qd4 Rd3 34. Rd1 Rxd4 35. Rxd4 e5 36. Rd1 Qxc4+ 37. Kg1 Bd5 0-1

[Event "Moscow Region-ch op"]
[Site "Moscow"]
[Date "2009.08.04"]
[Round "8"]
[White "Isaly, Sultan"]
[Black "Ustinov, Alexey"]
[Result "0-1"]
[WhiteElo "2051"]
[BlackElo "2146"]
[PlyCount "72"]
[EventDate "2009.07.29"]
[EventType "swiss"]
[EventRounds "10"]
[EventCountry "RUS"]
[SourceTitle "CBM 131 Extra"]
[Source "ChessBase"]
[SourceDate "2009.09.03"]
[SourceVersion "2"]
[SourceVersionDate "2009.09.16"]
[SourceQuality "1"]

1. e4 e5 2. Nf3 Nc6 3. Nc3 Nf6 4. Bb5 Bc5 5. 0-0 0-0 6. d3 d6 7. Bg5 h6 8. Bh4 Nd4 9. Nxd4 Bxd4 10. Bxf6 Qxf6 11. Nd5 Qd8 12. c3 c6 13. cxd4 cxd5 14. dxe5 dxe5 15. Ba4 Be6 16. Bb3 Qd6 17. Qf3 d4 18. Bxe6 Qxe6 19. Rfc1 Rfc8 20. Qf5 Qxf5 21. exf5 Kf8 22. g4 Ke7 23. Kg2 Kd6 24. Kf3 Kd5 25. h3 Rab8 26. Kg3 Rc6 27. Rxc6 bxc6 28. b3 e4 29. f4 Re8 30. Rd1 exd3 31. Rxd3 Re3+ 32. Rxe3 dxe3 33. Kf3 Kd4 34. Ke2 Ke4 35. g5 f6 36. h4 Kxf4 0-1

[Event "Moscow Region-ch op"]
[Site "Moscow"]
[Date "2009.08.02"]
[Round "6"]
[White "Zuzin, Vladimir"]
[Black "Isaly, Sultan"]
[Result "1-0"]
[WhiteElo "2283"]
[BlackElo "2051"]
[PlyCount "65"]
[EventDate "2009.07.29"]
[EventType "swiss"]
[EventRounds "10"]
[EventCountry "RUS"]
[SourceTitle "CBM 131 Extra"]
[Source "ChessBase"]
[SourceDate "2009.09.03"]
[SourceVersion "2"]
[SourceVersionDate "2009.09.16"]
[SourceQuality "1"]

1. d4 Nf6 2. c4 g6 3. Nc3 Bg7 4. e4 d6 5. f4 0-0 6. Nf3 c5 7. d5 e6 8. Be2 exd5 9. cxd5 Re8 10. Nd2 h5 11. h3 Nbd7 12. 0-0 Nb6 13. a4 Ng4 14. Nf3 Nf6 15. Bd3 c4 16. Bc2 a6 17. a5 Nbd7 18. Re1 Qc7 19. Be3 Rb8 20. Kh1 b5 21. axb6 Nxb6 22. e5 Nh7 23. e6 f5 24. Nh4 Nf8 25. Nxg6 Nxg6 26. Qxh5 Nf8 27. Bxb6 Qxb6 28. Qf7+ Kh8 29. Qxe8 Bxe6 30. Qh5+ Kg8 31. dxe6 Qxb2 32. Bxf5 Qxc3 33. e7 1-0

[Event "Moscow Region-ch op"]
[Site "Moscow"]
[Date "2009.07.31"]
[Round "3"]
[White "Krapivin, Alexander"]
[Black "Isaly, Sultan"]
[Result "1-0"]
[WhiteElo "2502"]
[BlackElo "2051"]
[PlyCount "81"]
[EventDate "2009.07.29"]
[EventType "swiss"]
[EventRounds "10"]
[EventCountry "RUS"]
[SourceTitle "CBM 131 Extra"]
[Source "ChessBase"]
[SourceDate "2009.09.03"]
[SourceVersion "2"]
[SourceVersionDate "2009.09.16"]
[SourceQuality "1"]

1. e4 e5 2. Nf3 Nc6 3. Nc3 Nf6 4. d4 exd4 5. Nxd4 Bc5 6. Be3 Bb6 7. Qd2 d5 8. Nxc6 bxc6 9. 0-0-0 Bxe3 10. Qxe3 0-0 11. Qd2 Be6 12. e5 Nd7 13. f4 f6 14. exf6 Nxf6 15. h3 c5 16. f5 Bf7 17. Na4 Qd6 18. g4 d4 19. Bg2 Bd5 20. Rhe1 Bxg2 21. Qxg2 Rfe8 22. g5 Nd5 23. f6 Qf4+ 24. Kb1 Ne3 25. Qc6 c4 26. Nc5 Qd6 27. Qf3 Qxc5 28. f7+ Kh8 29. fxe8Q+ Rxe8 30. Qf4 Qb5 31. Rxd4 Rb8 32. b3 Nxc2 33. Kxc2 cxb3+ 34. axb3 Qxb3+ 35. Kd2 Qb2+ 36. Ke3 Re8+ 37. Re4 Qc3+ 38. Kf2 Qc5+ 39. Kg3 Rxe4 40. Rxe4 Qg1+ 41. Kh4 1-0

[Event "Moscow Region-ch op"]
[Site "Moscow"]
[Date "2009.07.29"]
[Round "1"]
[White "Nachev, Stanislav"]
[Black "Isaly, Sultan"]
[Result "1-0"]
[WhiteElo "2411"]
[BlackElo "2051"]
[PlyCount "83"]
[EventDate "2009.07.29"]
[EventType "swiss"]
[EventRounds "10"]
[EventCountry "RUS"]
[SourceTitle "CBM 131 Extra"]
[Source "ChessBase"]
[SourceDate "2009.09.03"]
[SourceVersion "2"]
[SourceVersionDate "2009.09.16"]
[SourceQuality "1"]

1. d4 Nf6 2. c4 g6 3. Nc3 Bg7 4. e4 d6 5. f3 0-0 6. Bg5 Nbd7 7. Qd2 e5 8. d5 a6 9. Bd3 c5 10. Nge2 Qa5 11. 0-0 h5 12. Be3 Kh7 13. h3 Qc7 14. b3 Nb6 15. Rab1 Ng8 16. g4 Bh6 17. g5 Bxh3 18. gxh6 Bxf1 19. Rxf1 f6 20. Nd1 Nc8 21. Nf2 Nce7 22. f4 Rab8 23. a4 Rf7 24. Kg2 Rbf8 25. Rh1 f5 26. Nh3 Kh8 27. Ng5 Rf6 28. h7 Nh6 29. fxe5 dxe5 30. Ne6 Rxe6 31. Bxh6 Ref6 32. Bxf8 Rxf8 33. exf5 Nxf5 34. Bxf5 Rxf5 35. Ng3 Rf4 36. d6 Qc6+ 37. Qd5 Qxd5+ 38. cxd5 Rd4 39. Ne4 Rxd5 40. Rf1 Rd4 41. Ng5 Rg4+ 42. Kh3 1-0

[Event "Rybinsk op"]
[Site "Rybinsk"]
[Date "2009.06.19"]
[Round "9"]
[White "Isaly, Sultan"]
[Black "Shmarina, Daria"]
[Result "0-1"]
[WhiteElo "2042"]
[BlackElo "1762"]
[PlyCount "104"]
[EventDate "2009.06.14"]
[EventType "swiss"]
[EventRounds "9"]
[EventCountry "RUS"]
[SourceTitle "CBM 131 Extra"]
[Source "ChessBase"]
[SourceDate "2009.09.03"]
[SourceVersion "2"]
[SourceVersionDate "2009.09.16"]
[SourceQuality "1"]

1. e4 e5 2. Nf3 Nf6 3. Nc3 Nc6 4. Bb5 Bb4 5. 0-0 0-0 6. d3 d6 7. Bg5 Bxc3 8. bxc3 Bg4 9. Re1 h6 10. Bc1 Ne7 11. d4 c6 12. Bf1 Ng6 13. g3 d5 14. h3 Bxf3 15. Qxf3 Nxe4 16. Ba3 Re8 17. Bd3 Ng5 18. Qg4 Qf6 19. Kg2 e4 20. Be2 e3 21. f3 Ne7 22. Bd3 Ng6 23. Re2 Ne6 24. Kh1 c5 25. Bb2 cxd4 26. cxd4 Ng5 27. Rf1 Ne4 28. Bxe4 Rxe4 29. Qh5 Rd8 30. Rfe1 Re6 31. Rxe3 Rb6 32. Bc3 Rc6 33. f4 Rdc8 34. Qf3 Qf5 35. h4 Qxc2 36. Bb4 Qc4 37. Bc5 b6 38. Re8+ Rxe8 39. Rxe8+ Kh7 40. f5 Nxh4 41. gxh4 bxc5 42. Re2 Qxd4 43. Qg3 Rb6 44. Kh2 Rb2 45. Rxb2 Qxb2+ 46. Kh3 d4 47. Qc7 Qc3+ 48. Kg4 Qc4 49. f6 d3+ 50. Kg3 gxf6 51. Qxa7 Kg7 52. Kg2 Qe4+ 0-1